|
|
|
|
| LEADER |
01111nam a2200241 a 4500 |
| 003 |
GR-PaULI |
| 005 |
20201023095038.0 |
| 008 |
071217s2007 enka b 000 0 eng d |
| 952 |
|
|
|0 0
|1 0
|2 ddc
|4 0
|6 709_540000000000000_903
|7 0
|9 233639
|a LISA
|b LISA
|c BSC
|d 2019-07-05
|i 3073
|l 0
|o 709.540 903
|p 025000263319
|r 2019-07-05 00:00:00
|t 1
|w 2019-07-05
|y BK15
|
| 999 |
|
|
|c 141773
|d 141773
|
| 020 |
|
|
|a 9780500513774
|
| 040 |
|
|
|a GR-PaULI
|b gre
|c GR-PaULI
|d GR-AiPI
|e AACR2
|
| 082 |
0 |
4 |
|a 709.540 903
|2 23
|
| 100 |
1 |
|
|a Michell, George
|9 26131
|e συγγραφέας.
|
| 245 |
1 |
4 |
|a The majesty of Mughal decoration :
|b the art and architecture of Islamic India /
|c George Michell ; research by Mumtaz Currim.
|
| 260 |
|
|
|a New York :
|b Thames & Hudson,
|c 2007.
|
| 300 |
|
|
|a 287 σ. :
|b εικ. ;
|c 30 εκ.
|
| 504 |
|
|
|a Περιλαμβάνει βιβλιογραφικές παραπομπές.
|
| 650 |
|
4 |
|a Τέχνη, Μογγολική Αυτοκρατορία.
|9 176913
|
| 650 |
|
4 |
|a Αρχιτεκτονική
|9 157189
|
| 700 |
1 |
|
|a Currim, Mumtaz.
|9 176915
|e ερευνητής.
|
| 942 |
|
|
|2 ddc
|c BK15
|
| 998 |
|
|
|c ΛΟΥΚΟΠΟΥΛΟΥ
|d 2019-07
|